000 00300nam a2200121Ia 4500
008 191201s2015 xx 000 0 und d
100 _aTAHA,Hamdy A
245 0 _aOperations Research : An Introduction
260 _aN. Delhi
_bPearson
_c2015
300 _a816
650 _aB.Tech(CE)
942 _2ddc
_cBK
999 _c6517
_d6517